La Nueva contabilidad pública / Ignacio Montaño
ISBN:
84-368-0260-81
Descripción Física:
445 p. ; 23 cm
Colección:
Economía y administración de empresas
MARC
| LEADER | 00000nam a2200000Ia 4500 | ||
|---|---|---|---|
| 001 | 18173 | ||
| 008 | 160829s1984 xx 000 0 cat d | ||
| 020 | |a 84-368-0260-81 | ||
| 080 | |a M-5-247 | ||
| 100 | |a Montaño Jiménez, Ignacio |9 23440 | ||
| 245 | |a La Nueva contabilidad pública / Ignacio Montaño | ||
| 260 | |a Madrid : |b Pirámide, |c 1984 | ||
| 300 | |a 445 p. ; |c 23 cm | ||
| 490 | |a Economía y administración de empresas | ||
| 650 | 0 | |a Finances públiques |x Comptabilitat |z Espanya |9 23441 | |
| 650 | |a Comptabilitat |x Normes |x Espanya |9 23442 | ||
| 901 | |a Arxiu | ||
| 942 | |n 1 | ||
| 952 | |0 0 |1 0 |4 0 |6 M5247 |7 1 |9 42708 |a Arxiu |b Arxiu |d 2016-12-01 |l 0 |o M-5-247 |p 18173 |r 2016-12-01 00:00:00 |w 2016-12-01 |y ARXIU | ||
| 999 | |c 45214 |d 45214 | ||